1740 1114 1960 1349 1790 1552 1709 1843 1664 1461 1320 1962 1228 1301 1091 1915 1141 1621 1923 1580 1045 1672 1001 1732 1374 1496 1817 1104 1529 1533 1618 1450 1475 1862 1040 1109 1572 1842 1295 1239 1765 1363 1193 1627 1874 1341 1607 1251 1863 1479 1553 1990 1370 1699 1404 1334 1675 1751 1165 1590 1537 1529 1724 1224 1893 1490 1293 1571 1311 1328 1209 1885 1359 1752 1012 1563 1272 1693 1873 1582 1622 1211 1551 1578 1052 1577 1569 1145 1097 1453 1238 1660 1107 1506 1270 1746 1159 1807 1740 BCNSPRNW ULIB Ver.6.0+V

เปลี่ยนเป็นภาษาไทย

Change to English
 แสดงรายละเอียดบรรณานุกรม
  กลับหน้าหลัก

Brief Record : Get Marc (ISO 2709) : E-mail record : QR code < ปิดหน้าต่าง
LEADER : 00000nam 2200000uu 4500
001    13399114320
003     ULIB
008    120321s2552||||th 000 0 tha d
020    ^a9786160600748
090    ^aนว.^bก710N 2552
100 0  ^aกุ๊กกาโร่ว
245 00 ^aNew Life ไขเงื่อนงำความทรงจำซ่อนรัก/^cกุ๊กกาโร่ว
250    ^aพิมพ์ครั้งที่ 1
260    ^aกรุงเทพฯ :^bแจ่มใส,^c2552
300    ^a185 หน้า
710 1  ^aแจ่มใส
945    ^p139^l0^i16303
995    ^aกัณชพร
999    ^aใช้งานได้ทุกระบบ
รายการนี้ยังไม่มีแท็ก
คุณยังไม่ได้ล็อกอิน คุณสามารถมีกิจกรรมร่วมกับเว็บไซต์ได้ แต่ต้องล็อกอินก่อน ::
  ล็อกอิน

รายการสื่อสารสนเทศ

ลำดับที่ ประเภท เลขเรียก/บาร์โค้ด สถานที่ สถานะ
1. นวนิยาย
นวนิยาย
นว. ก710N 2552  
  Barcode: 16303
ห้องสมุดวิทยาเขตสวรรค์ประชารักษ์
►นวนิยาย
บนชั้น
  ขอยืม

BibComment


ยังไม่เคยถูกคอมเมนท์

คอมเมนท์ทรัพยากรรายการนี้
  คอมเมนท์: New Life ไขเงื่อ..


 Copyright 2026. Bcnsprnw @Library